MARC details
| 000 -CABECERA |
| campo de control de longitud fija |
00834cam a2200229 a 4500 |
| 001 - NÚMERO DE CONTROL |
| campo de control |
000006410 |
| 005 - FECHA Y HORA DE LA ÚLTIMA TRANSACCIÓN |
| campo de control |
20200929153928.0 |
| 008 - DATOS DE LONGITUD FIJA--INFORMACIÓN GENERAL |
| campo de control de longitud fija |
800607s1978 cu 001 p spa d |
| 040 ## - FUENTE DE LA CATALOGACIÓN |
| Centro catalogador/agencia de origen |
DO-SdBNP |
| Centro/agencia transcriptor |
CtY |
| Centro/agencia modificador |
DLC |
| 082 ## - NÚMERO DE LA CLASIFICACIÓN DECIMAL DEWEY |
| Número de clasificación |
V863.4 |
| Número de documento/Ítem |
N964c |
| 100 1# - ENTRADA PRINCIPAL--NOMBRE DE PERSONA |
| Nombre de persona |
Nuñez, Enrique Bernardo, |
| Fechas asociadas al nombre |
1895-1964. |
| 9 (RLIN) |
17817 |
| 245 10 - MENCIÓN DE TÍTULO |
| Título |
Cubagua : |
| Resto del título |
la galera de Tiberio / |
| Mención de responsabilidad, etc. |
Enrique Bernardo Nuñez ; editor, Clara Hernández. |
| 260 ## - PUBLICACIÓN, DISTRIBUCIÓN, ETC. |
| Lugar de publicación, distribución, etc. |
La Habana : |
| Nombre del editor, distribuidor, etc. |
Casa de las Américas, |
| Fecha de publicación, distribución, etc. |
1978. |
| 300 ## - DESCRIPCIÓN FÍSICA |
| Extensión |
xlv, 239 p. ; |
| Dimensiones |
20 cm. |
| 490 1# - MENCIÓN DE SERIE |
| Mención de serie |
Literatura Latinoamericana ; |
| Designación de volumen o secuencia |
no. 92 |
| 504 ## - NOTA DE BIBLIOGRAFÍA, ETC. |
| Nota de bibliografía, etc. |
Incluye referencias bibliográficas. |
| 650 #4 - PUNTO DE ACCESO ADICIONAL DE MATERIA--TÉRMINO DE MATERIA |
| Término de materia o nombre geográfico como elemento de entrada |
Novela venezolana |
| 9 (RLIN) |
3962 |
| 650 #4 - PUNTO DE ACCESO ADICIONAL DE MATERIA--TÉRMINO DE MATERIA |
| Término de materia o nombre geográfico como elemento de entrada |
Literatura venezolana |
| Subdivisión cronológica |
SIGLO XXI |
| 9 (RLIN) |
17361 |
| 700 1# - PUNTO DE ACCESO ADICIONAL--NOMBRE DE PERSONA |
| Nombre de persona |
Hernández, Clara, |
| Término indicativo de función/relación |
ed. |
| 9 (RLIN) |
4129 |
| 830 #0 - PUNTO DE ACCESO ADICIONAL DE SERIE-TÍTULO UNIFORME |
| Título uniforme |
Literatura Latinoamericana ; |
| Designación de volumen o secuencia |
no. 92 |
| 9 (RLIN) |
500 |
| 910 ## - DATOS DE OPCIÓN DEL USUARIO (OCLC) |
| Datos de opción del usuario |
Catalogación por copia / LC |